书目信息 |
| 题名: |
进化的偶然
|
|
| 作者: | 卡罗尔 著 ;王志彤 译 | |
| 分册: | ||
| 出版信息: | 北京 中国纺织出版社有限公司 2022.06 |
|
| 页数: | 248页 | |
| 开本: | 23cm | |
| 丛书名: | ||
| 单 册: | ||
| 中图分类: | X17-49 | |
| 科图分类: | ||
| 主题词: | 环境生物学--huan jing sheng wu xue--普及读物 | |
| 电子资源: | ||
| ISBN: | 978-7-5180-9505-6 | |
| 000 | 01064nam0 2200265 450 | |
| 001 | 011025153618 | |
| 005 | 20221025153618.0 | |
| 010 | @a978-7-5180-9505-6@dCNY89.90 | |
| 100 | @a20201004d2022 em y0chiy0120 ea | |
| 101 | 1 | @achi@ceng |
| 102 | @aCN@b110000 | |
| 105 | @aa z 000yy | |
| 106 | @ar | |
| 200 | 1 | @a进化的偶然@Ajin hua de ou ran@dA series of fortunate events@f(美) 肖恩·B. 卡罗尔(Sean B. Carroll) 著@g王志彤译@zeng |
| 210 | @a北京@c中国纺织出版社有限公司@d2022.06 | |
| 215 | @a248页@c图, 照片@d23cm | |
| 300 | @a肖恩·B.卡罗尔生命的故事系列湛庐 | |
| 305 | @a由Princeton University Press授权出版 | |
| 330 | @a本书分为无生命世界的偶然事件、生命内部世界的偶然事件、个人化的偶然事件3个部分,内容包括:一切意外的母亲、暴脾气的野兽、自然选择的青睐、一系列不幸事件等。 | |
| 510 | 1 | @aSeries of fortunate events@zeng |
| 606 | 0 | @a环境生物学@Ahuan jing sheng wu xue@j普及读物 |
| 690 | @aX17-49@v5 | |
| 701 | 0 | @c(美)@a卡罗尔@Aka luo er@g(Carroll, Sean B.)@4著 |
| 702 | 0 | @a王志彤@Awang zhi tong@4译 |
| 905 | @a河南城建学院图书馆@dX17-49@eX291 | |
| 进化的偶然=A series of fortunate events/(美) 肖恩·B. 卡罗尔(Sean B. Carroll) 著/王志彤译.-北京:中国纺织出版社有限公司,2022.06 |
| 248页:图, 照片;23cm |
| 肖恩·B.卡罗尔生命的故事系列湛庐 |
| ISBN 978-7-5180-9505-6:CNY89.90 |
| 本书分为无生命世界的偶然事件、生命内部世界的偶然事件、个人化的偶然事件3个部分,内容包括:一切意外的母亲、暴脾气的野兽、自然选择的青睐、一系列不幸事件等。 |
| ● |
| 相关链接 |
|
|
|
正题名:进化的偶然
索取号:X17-49/X291
 
预约/预借
| 序号 | 登录号 | 条形码 | 馆藏地/架位号 | 状态 | 备注 |
| 1 | 1588689 | 215886897 | 自科库501/501自科库 63排1列4层/ [索取号:X17-49/X291] | 在馆 |